| 000 | 00954nam a2200265 i 4500 | ||
|---|---|---|---|
| 001 | 175449 | ||
| 003 | ES-MaACL | ||
| 005 | 20251218174612.0 | ||
| 007 | t| | ||
| 008 | 101028s1978 sp fo r ||||1| spa d | ||
| 020 | _a84-369-0616-0 | ||
| 080 | _a75 Mallo, Maruja | ||
| 080 | _a929 Mallo, Maruja | ||
| 100 | 1 |
_aGándara, Consuelo de la. _953824 |
|
| 245 | 1 | 0 |
_aM. Mallo / _cConsuelo de la Gándara. |
| 260 |
_a[Madrid] : _bServicio de Publicaciones del Ministerio de Educación y Ciencia, _cD. L. 1978. |
||
| 300 |
_a82, [16] p. de lám. col. y n. ; _c17 cm. |
||
| 490 | 1 |
_aArtistas españoles contemporáneos. Pintores ; _v160 |
|
| 504 | _aBibliografía: p. 81. | ||
| 600 | 1 | 4 |
_aMallo, Maruja, _d1902-1995 _975816 |
| 710 | 1 |
_aEspaña. _bMinisterio de Educación y Ciencia. _93864 |
|
| 830 | 0 |
_aArtistas españoles contemporáneos. Pintores _v160 _9189664 |
|
| 852 |
_aES-MaACL _j2261-F-104 _xOlim P-1916 |
||
| 999 |
_c175449 _d175449 |
||